00685nam a2200181 i 450000100060000000300090000600500170001500700030003200800410003510000350007624501260011125000120023726000490024930000340029885200320033299900170036495201220038132195ES-MaACL20230906154529.0t|030130s1973 sp ||||1| spa d1 aBerger Ibarra, Félix.92797310aTécnicas gráficas b: Formación profesional. Segundo curso. Delineante de construcción / cFélix Berger Ibarra. a1ª ed. aSan Sebastián : bEd. Donostiarra, c1973. a293 p., 166 lám. ; c27 cm. aES-MaACLjC-54626 bR.87351 c32195d32195 00104070aATENEOMbATENEOMcDEPO2d2008-01-17eSCl0oC-54626p1033329r2023-02-23 00:00:00w2023-02-23yMONOGRAFIA